UBT Library

Human resource management : (Record no. 44929)

000 -LEADER
fixed length control field 00705cam a2200229 a 4500
001 - CONTROL NUMBER
control field 14173084
005 - DATE AND TIME OF LATEST TRANSACTION
control field 20180313101831.0
008 - FIXED-LENGTH DATA ELEMENTS--GENERAL INFORMATION
fixed length control field 051118s2006 ohua b 001 0 eng
010 ## - LIBRARY OF CONGRESS CONTROL NUMBER
LC control number 2005937605
020 ## - INTERNATIONAL STANDARD BOOK NUMBER
International Standard Book Number 0324361785 (Student ed.)
040 ## - CATALOGING SOURCE
Original cataloging agency DLC
Transcribing agency DLC
041 ## - LANGUAGE CODE
Language code of text/sound track or separate title eng
080 ## - UNIVERSAL DECIMAL CLASSIFICATION NUMBER
Universal Decimal Classification number 331.101.262 MAT
082 ## - DEWEY DECIMAL CLASSIFICATION NUMBER
Classification number 331.101.262 MAT
100 1# - Rafti
Rafti 52
101 ## - Shkurtesa
Shkurtesa BNJ
245 10 - TITLE STATEMENT
Title Human resource management :
Statement of responsibility, etc Robert L. Mathis, John H. Jackson.
504 ## - BIBLIOGRAPHY, ETC. NOTE
Bibliography, etc Includes bibliographical references and index.
906 ## - LOCAL DATA ELEMENT F, LDF (RLIN)
a 7
b cbc
c orignew
d 2
e epcn
f 20
g y-gencatlg
942 ## - ADDED ENTRY ELEMENTS (KOHA)
Source of classification or shelving scheme
Item type Books
Holdings
Withdrawn status Lost status Source of classification or shelving scheme Damaged status Not for loan Collection code Permanent location Current location Shelving location Date acquired Total Checkouts Full call number Barcode Date last seen Price effective from Koha item type
          Koleksioni i përgjithshem UBT - Lipjan UBT - Lipjan Koleksioni i përgjithshem 03/13/2018   331.101.262 MAT 002-3002060 03/13/2018 03/13/2018 Books
UBT Library © 2015-2024. All rights reserved University Education for Business and Technology